| 000 | 00466nab a2200145Ia 4500 | ||
|---|---|---|---|
| 003 | ES-SlBCS | ||
| 005 | 20210601131620.0 | ||
| 008 | 140529s2001 xxu||||| |||| 00| 0 fre d | ||
| 041 | _afre | ||
| 100 | 1 |
_aLambert, Arthur _958064 |
|
| 245 | 0 | 0 |
_aMission et économie: la gestion rédemptoiste du Vicariat de Reyes (Bolivie) _c Arthur Lambert |
| 650 | 0 | 4 |
_aMisión-Economía _9186667 |
| 773 | 0 |
_tSocial Compass _gvol. 48, nº. 4, 2001, págs. 557 _wRev1524 |
|
| 942 | _cAR | ||
| 999 |
_c565973 _d565973 |
||